Statistics for Indigenous Peoples of the Americas

Click here to take the quiz!

General Stats

  • This quiz has been taken 47 times
    (42 since last reset)
  • The average score is 7 of 15

Answer Stats

HintAnswer% Correct
Namesake tribe of two U.S. statesDakota
82%
Most populous tribe of the U.S.; around 500,000 additional non-members claim ancestryCherokee
76%
This nation's name is also used as a generic term for Canadians of mixed Indigenous and European ancestryMétis
62%
Inhabitants of the islands between Russia and AlaskaAleut
59%
Although 5% or less identify as indigenous, 90% of Paraguayans speak their languageGuaraní
56%
Former Bolivian president Evo Morales belongs to these peopleAymara
53%
First American tribe to encounter EuropeansTaíno
47%
The country of Mexico was named after themMexica
44%
Algonquin people also called the ChippewaOjibwe
44%
A historically warlike, seafaring nation of modern-day British Columbia, sometimes compared to VikingsHaida
38%
Largest indigenous group of Chile and ArgentinaMapuche
38%
Former civilizations such as the above and the Toltecs were part of this larger ethnolinguistic groupNahua
35%
Central American people of mixed Indigenous and Afro-Caribbean ancestryGarifuna
26%
Northern Mexican people renowned for their distance running abilitiesRarámuri
6%
Activist Berta Cáceres belonged to this Central American group known for potteryLenca
3%

Score Distribution

Percentile by Number Answered

Percent of People with Each Score

Your Score History

You have not taken this quiz since the last reset